Derecho tributario : (Registro nro. 28580)

Detalles MARC
000 -LEADER
fixed length control field 01257nam a2200289Ia 4500
003 - CONTROL NUMBER IDENTIFIER
control field CO-CtgCURN
005 - DATE AND TIME OF LATEST TRANSACTION
control field 20250408184836.0
008 - FIXED-LENGTH DATA ELEMENTS--GENERAL INFORMATION
fixed length control field 190723s2014 xx f 000 0 spa d
020 ## - INTERNATIONAL STANDARD BOOK NUMBER
International Standard Book Number 9789587493726
040 ## - CATALOGING SOURCE
Original cataloging agency CO-CtgCURN
Language of cataloging spa
Transcribing agency coctgcurn
082 ## - DEWEY DECIMAL CLASSIFICATION NUMBER
Classification number 343.04
Item number C824
100 ## - MAIN ENTRY--PERSONAL NAME
Personal name Corredor Velasquez, David Orlando
9 (RLIN) 1960
245 #0 - TITLE STATEMENT
Title Derecho tributario :
Remainder of title consideraciones y aplicación del concepto de establecimiento permanente /
Statement of responsibility, etc. David Orlando Corredor Velásquez
250 ## - EDITION STATEMENT
Edition statement 1 edición
260 ## - PUBLICATION, DISTRIBUTION, ETC.
Place of publication, distribution, etc. Bogotá, Colombia :
Name of publisher, distributor, etc. Pontificia Universidad Javeriana,
Date of publication, distribution, etc. 2014
300 ## - PHYSICAL DESCRIPTION
Extent 201 páginas ;
Dimensions 23 centímetros
490 ## - SERIES STATEMENT
Series statement Colecion Mencion de honor;
Volume/sequential designation 5
504 ## - BIBLIOGRAPHY, ETC. NOTE
Bibliography, etc. note Incluye referencias bibliográficas (p. 147-156)
505 ## - FORMATTED CONTENTS NOTE
Formatted contents note Historia y finalidad del establecimiento permanente -- De establecimiento permanente --Anotaciones sobre el MCDI ONU -- El establecimiento permamente en Colombia
521 ## - TARGET AUDIENCE NOTE
Target audience note AREA PROFESIONAL
590 ## - LOCAL NOTE (RLIN)
Local note Programa de Derecho_18
650 ## - SUBJECT ADDED ENTRY--TOPICAL TERM
Topical term or geographic name entry element Derecho fiscal
9 (RLIN) 1961
650 ## - SUBJECT ADDED ENTRY--TOPICAL TERM
Topical term or geographic name entry element Derecho y globalizacion
9 (RLIN) 1962
942 ## - ADDED ENTRY ELEMENTS (KOHA)
Koha item type Libros
Classification part 343.04
Item part C824
Koha issues (borrowed), all copies 3
Source of classification or shelving scheme Dewey Decimal Classification
Suppress in OPAC No
Existencias
Withdrawn status Lost status Source of classification or shelving scheme Damaged status Not for loan Collection Home library Current library Shelving location Date acquired Source of acquisition Inventory number Total checkouts Full call number Barcode Date last seen Copy number Price effective from Koha item type Public note Date last checked out
    Dewey Decimal Classification       Miguel Henríquez Castañeda Barranquilla Miguel Henríquez Castañeda Barranquilla General 05/23/2018 Compra OC-04-015-16 02116   343.04 C824 02116 07/23/2019 ej.1 07/23/2019 Libros Compra OC-04-015-16 IP 2016  
    Dewey Decimal Classification       Miguel Henríquez Castañeda Barranquilla Miguel Henríquez Castañeda Barranquilla General 05/23/2018 Compra OC-04-015-16 03259 3 343.04 C824 03259 02/29/2024 ej.2 07/23/2019 Libros Compra OC-04-015-16 IP 2016 02/24/2024